000 00704nam a2200253 i 4500
001 C2-0120502
003 PPAK
005 20180727112605.0
008 970813s1977 ilu |||| ||||| | eng d
020 _a0673150372
040 _aPPAK
_beng
_cPPAK
_erda
082 0 4 _a028.5
_223
090 0 0 _a028.5
_bSUT
_dG
100 1 _aSutherland, Zena,
_eauthor
245 1 0 _aChildren and books
264 1 _aGlenview, Illinois :
_bScott, Foresman and Company ,
_c1977
300 _axii, 671 pages ;
_c26 cm
336 _2rdacontent
_atext
337 _2rdamedia
_aunmediated
338 _2rdacarrier
_avolume
650 1 0 _aChildren's literature - History and criticism
700 _eauthor
942 _ddc
_cB
999 _c33826
_d33826